header

Health services research (Record no. 33563)

MARC details
000 -LEADER
fixed length control field 01279nam a2200301Ia 4500
245 10 - TITLE STATEMENT
Title Health services research
260 ## - PUBLICATION, DISTRIBUTION, ETC. (IMPRINT)
Place of publication Washington :
Name of publisher National Academy of Sciences,
Year of publication 1979.
300 ## - PHYSICAL DESCRIPTION
Number of Pages x, 102 p. :
Other physical details ill.
650 #0 - SUBJECT ADDED ENTRY--TOPICAL TERM
Topical Term Medical care
Topical Term Medical care
856 40 - ELECTRONIC LOCATION AND ACCESS
Uniform Resource Identifier http://site.ebrary.com/lib/rucke/Doc?id=10071971

No items available.

© 2026 Rongo University
Contact us: librarian | system librarian | Rongo university